Liste des noms de Pokémon contenant un Z - Statistiques

Statistiques générales
  • Ce quiz a été pris 55 fois
  • Le résultat moyen est 18 sur 39
Statistiques - réponses
Pokémon % Correct
Zygarde
91%
Zorua
84%
Zacian
81%
Zamazenta
81%
Zébibron
81%
Zéblitz
81%
Zigzaton
78%
Zoroark
78%
Zarbi
75%
Zeraora
66%
Zarude
56%
Zapétrel
53%
Zekrom
53%
Blizzaroi
50%
Blizzi
50%
Porygon-Z
47%
Blizzeval
41%
Bulbizarre
41%
Florizarre
41%
Herbizarre
41%
Lézargus
41%
Zéroïd
41%
Arrozard
38%
Rayquaza
38%
Azumarill
34%
Azurill
34%
Cizayox
34%
Cadoizo
31%
Alakazam
28%
Necrozma
28%
Simiabraz
28%
Bazoucan
25%
Balbalèze
22%
Rozbouton
22%
Toxizap
19%
Magnézone
16%
Motorizard
13%
Manzaï
9%
Crikzik
3%
Aucun quiz correspondant
Distribution des résultats
% des personnes avec chaque résultat
Percentile par nombre de réponses
Votre historique - résultats
Vous n’avez pas pris ce quiz